000 00808nam a2200289Ia 4500
001 Z_1788
003 CHAP
008 220113s1997 xx 000 0 und d
010 _a164880
040 _cCHAP
082 _a636.213 E4
100 _aMéndez Eguía Liz, Germán
_9138947
245 _aPrograma de transferencia tecnológica (PROGATT) /
_cpor Germán Méndez Eguía Liz y Jorge Castrellón Montelongo
260 _aMérida, Yuc. :
_b(s.e.),
_c1997
300 _ac.a. 21 h.
440 _a
500 _a
503 _aFOTOCOPÍA
650 _aGanado vacuno
_xAspectos económicos I. Castrellón Montelongo, Jorge II. t.
_9138948
650 _aGanado vacuno
_xProducción
_945506
901 _a636.213 E4
902 _aA
910 _a1997
942 _c1
942 _cc1
999 _c164880
_d164880